| 000 | 00690na a2200217 4500 | ||
|---|---|---|---|
| 001 | 21628 | ||
| 003 | MIRAKIL | ||
| 005 | 20181213154959.0 | ||
| 008 | 170206b tu 000 0 | ||
| 040 |
_aMilas _btur _cTR-AnCHP |
||
| 041 | _atur | ||
| 082 |
_a351.7225 _bT96i 2007 |
||
| 090 | _a351.7225 T96i 2007 | ||
| 110 | _aTürk Standartları Enstütüsü | ||
| 245 |
_a2007 mali yılı kesin hesabı _cTürk Standartları Enstitüsü (TSE) |
||
| 260 |
_aAnkara _bTürk Standartları Enstitüsü (TSE) _c2007 |
||
| 300 |
_a58 s. _btbl. _c20 sm. |
||
| 610 |
_aTürk Standartları Enstitüsü _xKesin bütçe _y2007 |
||
| 710 | _aTürk Standartları Enstitüsü (TSE) | ||
| 942 |
_2ddc _cBKS |
||
| 999 |
_c4258 _d4258 |
||